00628nam a2200157 a 4500008004100000050001600041100002000057245003300077246003700110260004000147300003000187350000900217995009500226999001700321952013200338120416s1977 ||||||||||||||||| || u aHF 5549 Har aHarris, O. Jeff10aHow to manage people at work aa short course for professionals aNew YorkbJohn Wiley and Sonsc1977 aVarious paginations : ill a0.00 D0.00FCBU-MAIN LIBRARY (Kitwe)H1I0.00M1UAVAILABLEZMain Library Open Access Collection c45820d45820 00102lcc4070a001b001cMain Library Open Access Collectiond2022-11-30l0oHF 5549 Harp029440r2022-11-30w2022-11-30y002